Liedtext - Titelsong Winx (Heller als Licht) - Statistiken

Allgemein
  • Dieses Quiz wurde 30 mal gespielt
  • Das Durchschnittsergebnis liegt bei 88 aus 136
Antwortstatistiken
Antwort % Korrekt
als
95%
die
95%
Die
95%
Heller
95%
leuchtet
95%
Leuchtet
95%
Licht
95%
Macht
95%
dein
89%
der
84%
Winx
84%
Du
79%
du
79%
hast
79%
auf
74%
Zauber
74%
Herz
68%
Hör
68%
Magie
68%
gewinnt
63%
immer
63%
in
58%
In
58%
Reine
58%
an
53%
das
53%
den
53%
glaub
53%
Glaub
53%
deine
47%
dich
42%
dir
42%
dir,
42%
Es
42%
sie
42%
deiner
37%
sein
37%
wird
37%
Feuer
32%
Leb
32%
deinen
26%
Freunden
26%
leiten
26%
liegt
26%
musst
26%
nicht
26%
Seite
26%
Vertraue
26%
Weg
26%
Wenn
26%
werden
26%
bereit
21%
entfachst
21%
Finde
21%
Händen
21%
lebt
21%
leicht
21%
machst
21%
richtigen
21%
Schicksal
21%
Träume
21%
was
21%
bei
16%
daraus
16%
Keine übereinstimmenden Quizze gefunden
Verteilung der Resultate
Anzahl Personen mit jedem Resultat
Perzentil nach korrekt beantworteten Fragen
Ihre Resultats-Entwicklung
Sie haben dieses Quiz noch nicht gespielt